Najlepsi strzelcy w historii Serie A. - Statystyki

Ogólne statystyki
  • Ten quiz został rozwiązany 76 razy
  • Średni wynik to 3 z 15
Statystyki odpowiedzi
Lata Narodowość Piłkarz % Poprawnych
1993-2012 Włochy Del Piero
89%
1993-2017 Włochy Totti
73%
1985-2004 Włochy Baggio
43%
1999-2016 Włochy Di Natale
36%
1991-2003 Argentyna Batistuta
31%
1927-1946 Włochy Meazza
31%
1949-1958 Szwecja Nordahl
16%
1999-2017 Włochy Gilardino
9%
1929-1954 Włochy Piola
9%
1946-1961 Włochy Boniperti
4%
1991-2004 Włochy Signori
3%
1958-1976 Włochy Altafini
0%
1938-1956 Włochy Amadei
0%
1956-1969 Szwecja Hamrin
0%
1968-1983 Włochy Savoldi
0%
Nie znaleziono quizów pasujących do podanych kryteriów
Rozkład punktacji
Procent ludzi z każdym wynikiem
Percentyl według liczby udzielonych odpowiedzi
Twoja historia wyników
Nie rozwiązałeś tego quizu